Guess the Kpop groups/ soloist 2024 releases - Statistics

General Stats
  • This quiz has been taken 162 times
  • The average score is 27 of 100
Answer Stats
Hint Answer % Correct
ILLIT Magnetic
89%
Aespa Supernova
86%
BabyMonster Sheesh
84%
Nayeon ABCD
80%
Zico SPOT
76%
Aespa Armageddon
66%
(G)I-DLE Super Lady
66%
Ateez WORK
65%
Le Sserafim Easy
59%
Itzy Untouchable
57%
Le Sserafim Smart
56%
Twice One Spark
55%
NMIXX Dash
53%
(G)I-DLE Wife
51%
BoyNextDoor Earth, Wind & Fire
50%
Lisa RockStar
50%
BabyMonster Forever
49%
IVE Heya
48%
Itzy Mr Vampire
46%
TWS Plot Twist
46%
RIIZE Boom Boom Bass
45%
Seventeen MAESTRO
45%
Yuqi Freak
44%
IU Love Wins All
44%
Kiss Of Life Midas Touch
42%
BabyMonster Like That
41%
Kep1er Shooting Star
41%
KissOfLife Sticky
41%
New Jeans Bubble Gum
39%
TxT DeJa Vu
39%
P1harmony Killin It
39%
Soojin Mona Lisa
38%
IVE Accendio
37%
NMIXX Run For Roses
37%
KATSEYE Debut
35%
RIIZE Impossible
32%
NCT DREAM Smoothie
32%
(G)I-DLE Fate
30%
XG WOKE UP
29%
Twice I Got You
28%
Everglow Zombie
27%
V Fri(end)s
24%
TripleS Girls Never Die
24%
BabyMonster Stuck In The Middle
24%
ZeroBaseOne Feel The Pop
23%
RIIZE Love 119
23%
NCT Wish Wish
23%
BADVILLIAN BADVILLIAN
22%
Chung Ha EENIE MEENIE
22%
Enhypen Fatal Trouble
22%
Taeyong TAP
21%
Wendy Wish You Hell
21%
Stray Kids Lose my Breath
20%
ZeroBaseOne SWEAT
20%
ARTMS Virtual Angel
19%
Treasure King Kong
18%
Ten Nightwalker
18%
Chuu Strawberry Rush
18%
BIBI Bam Yang Gang
17%
Aespa Hot Mess
17%
Yves Loop
17%
IChillin Bite Me
16%
ARTMS Birth
15%
TRI.BE Diamond
15%
Itzy Algorhythm
14%
Seventeen LALALI
14%
(G)I-DLE Revenge
14%
TWS Hey! Hey!
13%
RM LOST
13%
Yena Good Morning
12%
Loossemble Girls' Night
10%
IU Holssi
10%
Yuqi Could It Be
8%
Jhope NEURON
8%
Cha Eunwoo Stay
8%
Itzy No Biggie
6%
SF9 Bibora
5%
Suho Cheese
5%
Jimin Closer than this
5%
Hui Hmm Bop
5%
Jeonghan X Wonwoo Last Night
5%
CIX Lovers or Enemies
5%
Sistar No More
5%
Ateez NOT OKAY
5%
NMIXX Passionfruit
5%
DPR IAN Saint
5%
EVNNE Badder Love
4%
D.O Blossom
4%
Yena Good Girls in the Dark
4%
Doyoung Youth
4%
82MAJOR Choke
3%
BigOcean Glow
3%
NCT Dream icantfeelanything
3%
VANNER JACKPOT
3%
BLITZERS SUPERPOWER
3%
EVNNE K.O
2%
Ten Lie With You
2%
Xdinary Heroes Little Things
2%
Bang Yedam Officially Cool
2%
H1-KEY Thinkin' About You
1%
No matching quizzes found
Score Distribution
Percent of People with Each Score
Percentile by Number Answered
Your Score History
You have not taken this quiz